000 00714nas a2200229 4500
001 BR2012006571
003 BR-BrBNA
005 20231205121057.0
007 ta
008 230509b bl.|||p| |||| 00| 00por d
040 _aBR-BrBNA
_bpor
_cBiblioteca Nacional de Agricultura
041 _a(Pt)
072 _aF70
100 1 _aRick, J.
245 1 _aBasidiomycetes Eubasidii in Rio Grande do Sul- Brasilia. Hypochanceae, Clavariaceae, Craterellaceae, Hydnaceae
650 _aBASIDIOMICETES
650 _aFUNGO
650 _aCOGUMELO
773 0 _tIheringia. Série Botânica (Brazil)
_xISSN 0073-4705
_g(Agu 1959), (no. 5)
_wBR2012006571
909 _a202311
_bLúcia
_c55
_dLúcia Elande
942 _2AGRIS
_n0
_cANA
999 _c221731
_d221731